| 000 | 00644nam a22001937a 4500 | ||
|---|---|---|---|
| 999 |
_c61026 _d61026 |
||
| 005 | 20231207163034.0 | ||
| 008 | 231207s1972 ru ||||| |||| 00| 0 rus d | ||
| 041 | _arus | ||
| 080 | _a7(082.1) M-69 | ||
| 100 |
_aМихаловский, К. _920627 |
||
| 245 |
_aЛуксор / _cК. Михаловский. |
||
| 264 |
_aВаршава : _bАркады, _c1972. |
||
| 300 |
_a78 c.: _bил. ; _c29 см. |
||
| 440 |
_aИскусство и культура древнего мира _920603 |
||
| 653 | _aარქეოლოგია | ||
| 653 | _aლუქსორი | ||
| 653 | _aეგვიპტე | ||
| 942 |
_2udc _cᲬᲘᲒᲜᲘ |
||